Шестьдесят свечей: роман, повести

ग्रंथसूची विवरण
मुख्य लेखक: Тендряков В. Ф. Владимир Федорович
अन्य लेखक: Икрамов К. (автор послесловия), Козлов Л. (иллюстратор)
भाषा:रूसी
प्रकाशित: Москва, Известия, 1985
श्रृंखला:Библиотека "Дружбы народов"
विषय:
स्वरूप: पुस्तक
KOHA link:https://koha.lib.tpu.ru/cgi-bin/koha/opac-detail.pl?biblionumber=150560

MARC

LEADER 00000nam0a2200000 4500
001 150560
005 20231101221507.0
020 |a RU  |b 85-19304 
035 |a (RuTPU)RU\TPU\book\163239 
090 |a 150560 
100 |a 20090113d1985 m y0rusy5003 ca 
101 0 |a rus 
102 |a RU 
105 |a a z 000ay 
200 1 |a Шестьдесят свечей  |e роман, повести  |f В. Ф. Тендряков  |g авт. послесл. К. Икрамов ; худож. Л. Козлов 
210 |a Москва  |c Известия  |d 1985 
215 |a 592 с.  |d 20 см  |c портр., ил. 
225 1 |a Библиотека "Дружбы народов" 
610 1 |a советская литература 
610 1 |a романы 
610 1 |a повести 
675 |a Р2  |z rus  |v 3 
700 1 |a Тендряков  |b В. Ф.  |c российский писатель  |f 1923-1984  |g Владимир Федорович  |2 stltpush  |3 (RuTPU)RU\TPU\pers\14238  |9 4694 
702 1 |a Икрамов  |b К.  |4 075 
702 1 |a Козлов  |b Л.  |4 440 
801 0 |a RU  |b RuMRKP  |c 19950704  |g psbo 
801 1 |a RU  |b 63413507  |c 20090113  |g PSBO 
801 2 |a RU  |b 63413507  |c 20090527  |g PSBO 
942 |c BK